Łatwy quiz wiedzy ogólnej #7 - Statystyki

Ogólne statystyki
  • Ten quiz został rozwiązany 5 851 razy
    5 823 od ostatniego zresetowania
  • Średni wynik to 16 z 20
Statystyki odpowiedzi
Pytanie Odpowiedź % Poprawnych
Jaki jest numer alarmowy, jeśli chcesz zadzwonić po straż pożarną? 998
99%
Jak nazywa się legendarny stwór, który według podań zamieszkiwał jaskinię pod Wawelem w Krakowie? Smok wawelski
99%
Jakie stworzenie nie lubi czosnku, światła słonecznego lub spiczastych kawałków drewna? Wampiry
96%
Jaka jest bardziej popularna nazwa dla H2O? Woda
96%
Jakie zwierzę może mieć dwa garby, jeśli jest baktrianem i jeden, jeśli jest dromaderem? Wielbłąd
91%
Jaką firmę założył Mark Zuckerberg? Facebook
90%
Jaki kraj graniczy z Anglią oraz jest znany z golfa i kiltów? Szkocja
90%
Z jakiego kraju pochodzą słynni piłkarze Ronaldo i Ronaldinho? Brazylia
88%
Ile gwiazd ma flaga Stanów Zjednoczonych? 50
87%
Kanada ma dwa języki urzędowe. Jednym z nich jest angielski. Jaki jest drugi? Francuski
86%
Jakie zwierzę czerpie 99% swojego pożywienia z roślin bambusowych? Panda wielka
86%
Kto jest obecnym królem Wielkiej Brytanii? Karol III
81%
Kto był głównym aktorem w filmie „Titanic” z 1997 roku? Leonardo DiCaprio
79%
Który angielski bohater ludowy strzelał z łuku, kradł bogatym i rozdawał biednym? Robin Hood
79%
Jakich bierek jest najwięcej na szachownicy? Pion
72%
Jaki jest największy gatunek ptaka? Struś
65%
Jaki pierwiastek z układu okresowego stanowi paliwo dla większości elektrowni jądrowych? Uran
63%
Jak nazywa się ruchoma formacja piaskowa, którą można podziwiać w Słowińskim Parku Narodowym koło Łeby? Wydma
63%
Clark Kent wchodzi do budki telefonicznej i zmienia ubranie, a z budki wychodzi jako? Superman
52%
Grupa ryb nazywana jest ławicą. Jak nazywa się grupa ptaków? Stado
45%
Nie znaleziono quizów pasujących do podanych kryteriów
Rozkład punktacji
Procent ludzi z każdym wynikiem
Percentyl według liczby udzielonych odpowiedzi
Twoja historia wyników
Nie rozwiązałeś tego quizu od ostatniego zresetowania